Statistics for Jetpunk by images

Click here to take the quiz!

General Stats

  • This quiz has been taken 14 times
  • The average score is 6 of 7

Answer Stats

Answer% Correct
Elephant
100%
Koala
100%
Pen
100%
Unicorn
100%
Noodle
92%
Juggle
75%
Treehouse
75%

Score Distribution

Percentile by Number Answered

Percent of People with Each Score

Your Score History

You have not taken this quiz